000 00944nam a2200265Ia 4500
005 20220316235227.0
008 121119s2002 ck abc gr 000 0 spa
020 _a9583600881
041 0 _aspa
082 0 4 _a986.11
_bF14H2
100 1 _aFals Borda, Orlando,
_d1925-
245 1 0 _aHistoria doble de la costa 2
_bel presidente Nieto
_cOrlando Fals Borda
250 _aSegunda edición
264 1 _aBogotá
_bEl Áncora
_bBanco de la Repùblica
_c2002
300 _a209 páginas
_bilustraciones, mapas y retratos
_c22 cm.
336 _atexto
_btxt
_2rdacontent
337 _asin mediación
_bn
_2rdamedia
338 _avolumen
_bnc
_2rdacarrier
490 0 _aMaestros de la sede
650 _2LEMB
_aVida social y costumbres
_zCosta Atlántica
_zColombia
650 _2LEMB
_aCondiciones sociales
_zCosta Atlántica
_zColombia
650 _2LEMB
_aHistoria
_zCosta Atlántica
_zColombia
942 _2ddc
_cBK
040 _aCO-BoRNBP
_bspa
_erda
_cCO-BoRNBP
999 _c291
_d291